00411 2200157 4500001002100000005001500021035002000036245005700056100001800113250001700131300002800148260003700176082000800213084001400221650001800235INLIS00000000000033620240603091530 a0010-06240000451 aKisah Malin Kundang dan Anak Bawang /cJohnny Lorang0 aJohnny Lorang acetakan ke-1 a62 hlm :bilus ;c21 cm aSurakarta :bPustaka Baru,c2007 a813 a813 JOH k 4aCerita rakyat